000 00582nam a22002057a 4500
003 BD-DhJNU
005 20250527051710.0
008 250527b |||||||| |||| 00| 0 eng d
020 _a8171695361
040 _aBD-DhJNU
_bENG
_cBD-DhJNU
_dBD-DhJNU
082 _223
_a320 KHP
100 _aKhanna S. K.
245 _aPolitical science major ideologies /
_cS. K. Khanna
260 _aNew Delhi :
_bCommonwealth Publishers,
_c1998.
300 _av, 272p. :
_bill. ;
_c23 cm.
504 _aIncludes index
650 _aPolitical Science
650 _aThreeyear
942 _2ddc
_cBK
_n0
999 _c1750
_d1750